The last days of Socrates (Record no. 55774)

MARC details
000 -LEADER
fixed length control field 00678nam a2200217Ia 4500
008 - FIXED-LENGTH DATA ELEMENTS--GENERAL INFORMATION
fixed length control field 191130s2003##################000#0#eng##
020 ## - INTERNATIONAL STANDARD BOOK NUMBER
ISBN 9780140449280
082 ## - DEWEY DECIMAL CLASSIFICATION NUMBER
Classification number 184 PLA
100 ## - MAIN ENTRY--AUTHOR NAME
Personal name Plato
245 ## - TITLE STATEMENT
Title The last days of Socrates
Statement of responsibility, etc Plato ; translated by Hugh Tredennick and Harold Tarrant ; introduction and notes by Harold Tarrant
260 ## - PUBLICATION, DISTRIBUTION, ETC. (IMPRINT)
Place of publication New York
Name of publisher Penguin Books
Year of publication c2003
300 ## - PHYSICAL DESCRIPTION
Number of Pages xliv, 256 p. ; 20 cm
500 ## - GENERAL NOTE
General note Includes bibliographical references and index
650 ## - SUBJECT ADDED ENTRY--TOPICAL TERM
Topical Term Socrates
700 ## - ADDED ENTRY--PERSONAL NAME
Personal name Tredennick, Hugh
991 ## -
-- 292787
Holdings
Withdrawn status Lost status Damaged status Not for loan Home library Current library Shelving location Date acquired Full call number Accession Number Price effective from Koha item type
        Anna Centenary Library Anna Centenary Library 3RD FLOOR, A WING 09.10.2020 184 PLA 410957 09.10.2020 Books

Find us on the map